| Tag |
First Indicator |
Second Indicator |
Subfields |
| LEADER |
00000nam a2200000 4500 |
| 001 |
in00004328708 |
| 005 |
20200812081700.0 |
| 006 |
m g d |
| 007 |
cr bn |||a|bb| |
| 008 |
960131s1685 enk o 00| | eng d |
| 035 |
|
|
|a (UnM)99833577
|
| 037 |
|
|
|a CL0037000087
|b ProQuest Information and Learning. 300 N. Zeeb Rd., Ann Arbor, MI 48106
|
| 040 |
|
|
|a Cu-RivES
|c Cu-RivES
|e dcrb
|d WaOLN
|
| 245 |
1 |
2 |
|a A true narrative of the tryals of Titus Oats for perjury at the Kings-bench-barr at VVestminster, :
|b on Friday and Saturday the 8th and 9th days of this present May, 1685.
|
| 246 |
3 |
|
|a True narrative of the tryal of Titus Oats for perjury at the Kings-bench-barr at Westminster
|
| 260 |
|
|
|a London :
|b Printed by E. Mallet in Black-Horse-Alley neer Fleet-Bridge,
|c 1685.
|
| 300 |
|
|
|a 1 online resource (4 pages)
|
| 336 |
|
|
|a text
|b txt
|2 rdacontent
|
| 337 |
|
|
|a computer
|b c
|2 rdamedia
|
| 338 |
|
|
|a online resource
|b cr
|2 rdacarrier
|
| 500 |
|
|
|a Caption title.
|
| 500 |
|
|
|a Imprint from colophon.
|
| 500 |
|
|
|a Incorrectly identified as Wing (2nd edition) T2840AC on film and in reel guide.
|
| 500 |
|
|
|a Also published in the same year with title: True narrative of the tryal of Titus Oats for perjury at the Kings-bench-barr at VVestminster (Wing CD-ROM, 1996 T2840AC).
|
| 500 |
|
|
|a Reproduction of the original in the Henry E. Huntington Library and Art Gallery.
|
| 510 |
4 |
|
|a Wing (CD-ROM, 1996)
|c T2840AD
|
| 533 |
|
|
|a Electronic reproduction.
|b Ann Arbor, Mich. :
|c UMI,
|d 1999-
|f (Early English books online)
|n Digital version of: (Early English books, 1641-1700 ; 2180:7)
|7 s1999 miun s
|
| 600 |
1 |
0 |
|a Oates, Titus,
|d 1649-1705
|v Early works to 1800.
|
| 650 |
|
0 |
|a Trials (Perjury)
|z England
|v Early works to 1800.
|
| 830 |
|
0 |
|a Early English books online.
|
| 856 |
4 |
0 |
|u http://proxy.library.tamu.edu/login?url=https://search.proquest.com/docview/2240955841
|z Connect to the full text of this electronic book
|t 0
|
| 999 |
f |
f |
|s 4ac275d7-d4ba-3945-b5bc-de6153337794
|i c7688c4b-e172-3858-9bdb-b9bc6114b0ba
|t 0
|
| 952 |
f |
f |
|a Texas A&M University
|b College Station
|c Electronic Resources
|d Available Online
|t 0
|h No information provided
|
| 998 |
f |
f |
|t 0
|l Available Online
|